Top 20 Countries With The Worst Militaries - Statistics

General Stats
  • This quiz has been taken 18 times
  • The average score is 6 of 20
Answer Stats
Rank Answer % Correct
144 Benin
56%
117 Senegal
44%
134 Bosnia
38%
143 CAR
38%
120 El Salvador
38%
118 Nepal
38%
142 Somalia
38%
139 Suriname
38%
145 Bhutan
31%
121 Burkina Faso
31%
116 Dominican Republic
31%
135 Gabon
31%
119 Montenegro
31%
141 Kosovo
25%
132 Madagascar
25%
136 Moldova
25%
133 Nicaragua
25%
140 Sierra Leone
25%
137 Belize
19%
138 Liberia
19%
No matching quizzes found
Score Distribution
Percent of People with Each Score
Percentile by Number Answered
Your Score History
You have not taken this quiz